00822nam a2200229 a 450000100100000000500170001000800410002704000250006808200150009310000310010824500840013926000320022330000350025550000340029050000420032450400190036670000280038570000340041304900090044795201190045699900170057500002231920200930011702.0100927s1972 sp ac 000 0 spa d aDO-SdBNPbspacBNPHU axxxbB421m1 aBehrens, Charles F.94607610aMedicina nuclear /cCharles F. Behrens, E. Richard King, James W. J. Carpender. aBarcelona :bSalvat,c1972. a818 p. :bil., retr. ;c26 cm. aIncluye índice alfabético aIncluye notas al pie de las páginas aBibliografía1 aRichard King, E.9460771 aCarpender, James W. J.946078 aBNPD 001054708MOaGRbGRcCTd2010-10-12iLF1l0oxxx B421mp22319-10r2020-06-25w2020-06-25y4ZPréstamo en sala c21817d21817